Simulátor pre prúdové spracovanie inštrukcií
Guardado en:
| Autor principal: | |
|---|---|
| Otros Autores: | |
| Formato: | Manuscrito Libro |
| Lenguaje: | eslovaco |
| Publicado: |
2025
|
| Materias: | |
| Acceso en línea: | http://is.stuba.sk/zp/portal_zp.pl?podrobnosti=175264 |
| Etiquetas: |
Sin Etiquetas, Sea el primero en etiquetar este registro!
|
MARC
| LEADER | 00000ntm a22000003a 4500 | ||
|---|---|---|---|
| 001 | stuzp102886 | ||
| 003 | SK-STU | ||
| 005 | 20250614211709.3 | ||
| 007 | ta | ||
| 008 | 150427s2015----xo-----f-mn---000-0-slo-d | ||
| 040 | |a STU |b slo | ||
| 041 | 0 | |a slo | |
| 100 | 1 | |a Guráň, Maroš |u 070400 |4 aut |U FIIT Fakulta informatiky a informačných technológií |T FIIT Ústav počítačového inžinierstva a aplikovanej informatiky |X 120787 |U I400 |Y 672 |7 120787 | |
| 242 | 0 | 1 | |a Web application - simulator for instruction pipelining |y eng |
| 245 | 1 | 0 | |a Simulátor pre prúdové spracovanie inštrukcií |
| 260 | |c 2025 | ||
| 650 | 4 | |a instruction pipelining |2 eng | |
| 650 | 4 | |a simulator |2 eng | |
| 650 | 4 | |a progressive web application |2 eng | |
| 650 | 4 | |a prúdové spracovávanie inštrukcií |2 slo | |
| 650 | 4 | |a simulátor |2 slo | |
| 650 | 4 | |a progresívna webová aplikácia |2 slo | |
| 700 | 1 | |a Hudec, Ján |u 070400 |k Z1 |4 ths |U FIIT Fakulta informatiky a informačných technológií |T FIIT Ústav počítačového inžinierstva a aplikovanej informatiky |X 1995 |U I400 |Y 672 |7 A000001995 | |
| 856 | 4 | |u http://is.stuba.sk/zp/portal_zp.pl?podrobnosti=175264 | |